The 2001 Mathers lecture, the 2001 Rosen lecture, and other Queen's University essays in the study of Judaism / (Record no. 18934)

000 -LEADER
fixed length control field 00707cam a22002174a 4500
020 ## - INTERNATIONAL STANDARD BOOK NUMBER
ISBN 1586841556 (paper back : alk. paper)
040 ## - CATALOGING SOURCE
Transcribing agency DLC
082 00 - DEWEY DECIMAL CLASSIFICATION NUMBER
Classification number 296 GLO 2001 C154 Or.
245 04 - TITLE STATEMENT
Title The 2001 Mathers lecture, the 2001 Rosen lecture, and other Queen's University essays in the study of Judaism /
246 30 - VARYING FORM OF TITLE
Title proper/short title Two thousand and one Mathers lecture
246 30 - VARYING FORM OF TITLE
Title proper/short title 2001 Rosen lecture
260 ## - PUBLICATION, DISTRIBUTION, ETC. (IMPRINT)
Place of publication Binghamton, N.Y. :
Name of publisher Global Publications,
Year of publication 2001.
300 ## - PHYSICAL DESCRIPTION
Number of Pages ix, 132 p. ;
Dimensions 21 cm.
650 #0 - SUBJECT ADDED ENTRY--TOPICAL TERM
Topical Term Judaism
650 #0 - SUBJECT ADDED ENTRY--TOPICAL TERM
Topical Term Judaism
650 #0 - SUBJECT ADDED ENTRY--TOPICAL TERM
Topical Term Christianity and other religions
650 #0 - SUBJECT ADDED ENTRY--TOPICAL TERM
Topical Term Rabbinical literature
700 1# - ADDED ENTRY--PERSONAL NAME
Personal name Neusner, Jacob,
700 1# - ADDED ENTRY--PERSONAL NAME
Personal name Akenson, Donald H.
942 ## - ADDED ENTRY ELEMENTS (KOHA)
Koha item type ADB
952 ## - LOCATION AND ITEM INFORMATION (KOHA)
Withdrawn status [LOCAL, KOHA] 0
Holdings
Koha item type Source of acquisition Lost status Permanent Location Current Location Date acquired Full call number
សៀវភៅភាសាអង់គ្លេសA36078 Library Block CLibrary Block C2020-02-12296 GLO 2001 C154 Or.
មជ្ឈមណ្ឌលឯការនៃសាកលវិទ្យាល័យភូមិន្ទកសិកម្មចំការដូង

Powered by Koha